Reliez la description héraldique au bon blason - Statistiques

Statistiques générales
  • Ce quiz a été pris 1 617 fois
    44 depuis la dernière actualisation
  • Le résultat moyen est 13 sur 16
Statistiques - réponses
Hint Explanation Réponse % Correct
D'azur à une fleur de lis d'argent. Soissons, 02
100%
D'azur à trois coquilles d'or, à la bordure du même. Goumoëns, Suisse quiz cassé
97%
D'azur à trois fusées d'argent; au chef cousu de gueules chargé de trois macles d'or. Loudéac, 22
97%
De gueules au dauphin d’or Comté de Forez
95%
De gueules à une clef d’argent, au chef cousu d’azur chargé de deux fleurs de lys d’or. Angers, 49
95%
De gueules à une clef d'argent en pal. Marcigny, 71
89%
D'argent à la fleur de lys florencée de gueules. Florence, Italie
89%
D'azur à la clé d'or posée en bande. Geyssans, 26
87%
D'or, à trois fasces ondées d'azur. Agde, 34
87%
De sinople à la croix pattonée d'or accostée de quatre croix pattées d'argent. Abingdon, Angleterre
84%
D'argent, à la crosse stylisée de sable. Bâle, Suisse
74%
De gueules à l'étui de crosse d'argent tourné vers sénestre. Staffelfelden, 68
74%
De sinople à la bande d'or frettée de gueules. Saint-Ours, 73
74%
De sable à trois pals d'argent, au chef du même. Montalba-le-Château, 66
71%
Coupé de sable et d'argent. Ulm, Allemagne
55%
De gueules à la fasce d’argent. Bouillon, Belgique
45%
Aucun quiz correspondant
Distribution des résultats
% des personnes avec chaque résultat
Percentile par nombre de réponses
Votre historique - résultats
Vous n’avez pas pris ce quiz depuis la dernière actualisation